ბათუმის შოთა რუსთაველის სახელმწიფო უნივერსიტეტის ბიბლიოთეკა

Сборник примеров и задач по физической химии. (ბიბ.ჩანაწერი № 41304)

000 -LEADER
fixed length control field 00770nam a2200229Ia 4500
001 - CONTROL NUMBER
control field 7961
003 - CONTROL NUMBER IDENTIFIER
control field GE_BSU
008 - FIXED-LENGTH DATA ELEMENTS--GENERAL INFORMATION
fixed length control field 181216s||||||||xx |||||||||||||| ||und||
040 ## - CATALOGING SOURCE
Transcribing agency GE_BSU
080 ## - UNIVERSAL DECIMAL CLASSIFICATION NUMBER
Universal Decimal Classification number 544.1(075)
100 ## - MAIN ENTRY--PERSONAL NAME
Personal name Киседев,Е.В. Каретникова,Г.С. Кудряшов,И.В.
245 ## - TITLE STATEMENT
Title Сборник примеров и задач по физической химии.
245 ## - TITLE STATEMENT
Remainder of title Учебник.
245 ## - TITLE STATEMENT
Statement of responsibility, etc. Ред.Т.П.Федорова.
250 ## - EDITION STATEMENT
Edition statement Изд 4-ое, доп. и перераб.
260 ## - PUBLICATION, DISTRIBUTION, ETC.
Place of publication, distribution, etc. М.
260 ## - PUBLICATION, DISTRIBUTION, ETC.
Name of publisher, distributor, etc. Высш. школа.
260 ## - PUBLICATION, DISTRIBUTION, ETC.
Date of publication, distribution, etc. 1976.
300 ## - PHYSICAL DESCRIPTION
Extent 381 стр. с илл. 22 см.
653 ## - INDEX TERM--UNCONTROLLED
Uncontrolled term Сборник примеров и задач по физической химии.
942 ## - ADDED ENTRY ELEMENTS (KOHA)
Koha item type წიგნი
ეგზემპლარები
Withdrawn status Lost status Damaged status Not for loan Date acquired Barcode Date last seen Price effective from Koha item type
        2018-12-17 9617 2018-12-17 2018-12-17 წიგნი
        2018-12-17 9618 2018-12-17 2018-12-17 წიგნი